000
00276nam a22001217a 4500
041
_a
ENG
100
_a
Vasavada.A.A
245
_a
Farm Structures In India
260
_a
New Delhi
_b
Indian Council Of Agricltural
_c
1964
300
_a
70
650
_a
FS (29)
856
_u
FS (29)
999
_c
3042
_d
3042